<?xml version="1.0" encoding="UTF-8"?><?xml-stylesheet type="text/xsl" href="static/style.xsl"?><OAI-PMH xmlns="http://www.openarchives.org/OAI/2.0/" xmlns:xsi="http://www.w3.org/2001/XMLSchema-instance" xsi:schemaLocation="http://www.openarchives.org/OAI/2.0/ http://www.openarchives.org/OAI/2.0/OAI-PMH.xsd"><responseDate>2026-04-17T10:25:48Z</responseDate><request verb="GetRecord" identifier="oai:riubu.ubu.es:10259/10066" metadataPrefix="marc">https://riubu.ubu.es/oai/request</request><GetRecord><record><header><identifier>oai:riubu.ubu.es:10259/10066</identifier><datestamp>2025-01-30T01:05:51Z</datestamp><setSpec>com_10259_7877</setSpec><setSpec>com_10259_5086</setSpec><setSpec>com_10259_2604</setSpec><setSpec>col_10259_8289</setSpec></header><metadata><record xmlns="http://www.loc.gov/MARC21/slim" xmlns:doc="http://www.lyncode.com/xoai" xmlns:xsi="http://www.w3.org/2001/XMLSchema-instance" xmlns:dcterms="http://purl.org/dc/terms/" xsi:schemaLocation="http://www.loc.gov/MARC21/slim http://www.loc.gov/standards/marcxml/schema/MARC21slim.xsd">
<leader>00925njm 22002777a 4500</leader>
<datafield tag="042" ind1=" " ind2=" ">
<subfield code="a">dc</subfield>
</datafield>
<datafield tag="720" ind1=" " ind2=" ">
<subfield code="a">Díez Ojeda, María</subfield>
<subfield code="e">author</subfield>
</datafield>
<datafield tag="720" ind1=" " ind2=" ">
<subfield code="a">Queiruga Dios, Marián</subfield>
<subfield code="e">author</subfield>
</datafield>
<datafield tag="720" ind1=" " ind2=" ">
<subfield code="a">Queiruga Dios, Miguel Ángel</subfield>
<subfield code="e">author</subfield>
</datafield>
<datafield tag="260" ind1=" " ind2=" ">
<subfield code="c">2024-11</subfield>
</datafield>
<datafield tag="520" ind1=" " ind2=" ">
<subfield code="a">Purpose: &#xd;
This study aims to determine prior knowledge regarding the term “citizen science” (CS) and evaluate preservice teachers’ appreciation of the educational potential of CS.&#xd;
&#xd;
 Design/methodology/approach: &#xd;
Following the pedagogical framework of Experiential Learning Theory, a training program was designed for the subject of Environmental Education (EE) of the Primary Teacher Degree, incorporating CS activities. A quasi-experimental research was carried out with 36 primary preservice teachers who participated in this study, with a qualitative approach and without a control group. Two ad hoc surveys were defined for this study, the first one is related to prior knowledge about the term CS and a questionnaire was conducted to assess the educational potential of the CS after the implementation of the training program. The results showed a great initial lack of knowledge about CS but the appreciation of the preservice teachers after the educational intervention reveals the advantages and educational potential of CS.&#xd;
&#xd;
 Findings: &#xd;
Preservice teachers consider that CS can and should be incorporated, as part of the course syllabus, into the teaching system and this can be done in scientific-technological subjects or in all subjects with an interdisciplinary and transversal approach, with the majority of responses indicating that the development of generic skills would be the greatest perceived benefit for students.&#xd;
&#xd;
 Originality/value: &#xd;
There has been an increase in CS initiatives and projects in recent decades. However, despite the advantages for the participants and actors involved, its incorporation into higher education curricula is scarce.</subfield>
</datafield>
<datafield tag="024" ind2=" " ind1="8">
<subfield code="a">1467-6370</subfield>
</datafield>
<datafield tag="024" ind2=" " ind1="8">
<subfield code="a">http://hdl.handle.net/10259/10066</subfield>
</datafield>
<datafield tag="024" ind2=" " ind1="8">
<subfield code="a">10.1108/IJSHE-03-2024-0184</subfield>
</datafield>
<datafield tag="024" ind2=" " ind1="8">
<subfield code="a">1758-6739</subfield>
</datafield>
<datafield ind1=" " ind2=" " tag="653">
<subfield code="a">Environmental education</subfield>
</datafield>
<datafield ind1=" " ind2=" " tag="653">
<subfield code="a">Preservice teachers</subfield>
</datafield>
<datafield ind1=" " ind2=" " tag="653">
<subfield code="a">Citizen science</subfield>
</datafield>
<datafield ind1=" " ind2=" " tag="653">
<subfield code="a">Higher education</subfield>
</datafield>
<datafield ind1=" " ind2=" " tag="653">
<subfield code="a">Elementary education</subfield>
</datafield>
<datafield tag="245" ind1="0" ind2="0">
<subfield code="a">Appreciation of primary preservice teachers about the potential educational use of citizen science in environmental education</subfield>
</datafield>
</record></metadata></record></GetRecord></OAI-PMH>